LEADER 00839cam0 2200265 450 001 E600200064094 005 20210906084033.0 100 $a20100526d1960 |||||ita|0103 ba 101 $afre 102 $aFR 200 1 $aValery$fpar André Berne-Joffroy 210 $aParis$cGallimard$dc1960 215 $a314 p.,$cill.$d19 cm 225 2 $aLa bibliotheque ideale 410 1$1001LAEC00028507$12001 $a*La bibliotheque ideale 700 1$aBerne-Joffroy$b, André$3A600200061311$4070$0484692 801 0$aIT$bUNISOB$c20210906$gRICA 850 $aUNISOB 852 $aUNISOB$j840$m15356 912 $aE600200064094 940 $aM 102 Monografia moderna SBN 941 $aM 957 $a840$b000063$gSi$d15356$rAcquisto$1vittorini$2UNISOB$3UNISOB$420100526071644.0$520150721090912.0$6Alfano 996 $aValéry$9913382 997 $aUNISOB LEADER 01198oam 2200349z- 450 001 996281106603316 005 20070818082434.0 010 $a1-5090-9088-6 035 $a(CKB)1000000000331244 035 $a(EXLCZ)991000000000331244 100 $a20220608c2006uuuu -u- - 101 0 $aeng 200 10$a2006 IEEE International Test Conference $eSanta Clara, CA : 22-27 October 2006 210 $cIEEE 311 $a1-4244-0291-3 311 $a1-4244-0292-1 517 $aAutonomic Computing 517 $a2006 IEEE International Test Conference 606 $aIntegrated circuits$xTesting$vCongresses 606 $aElectronic digital computers$xCircuits$xTesting$vCongresses 606 $aTelecommunication$vCongresses 606 $aRadio frequency$vCongresses 615 0$aIntegrated circuits$xTesting 615 0$aElectronic digital computers$xCircuits$xTesting 615 0$aTelecommunication 615 0$aRadio frequency 676 $a621.3815/48 712 02$aInstitute of Electrical and Electronics Engineers.$bPhiladelphia Section. 906 $aPROCEEDING 912 $a996281106603316 996 $a2006 IEEE International Test Conference$92875556 997 $aUNISA